• 首页
  • 本馆介绍
  • 公告通知
  • 最新文献
  • 馆藏检索
  • 电子资源
  • 读者导购
  • 参考咨询
  • 我的图书馆
  • 登录
  • 详细信息显示
  • 放入我的书架
  • 预约/预借图书
  • 作者相关作品
  • 分类相关作品
  • 丛书相关作品
  • 出版社相关作品

书目信息

  • 表格格式
  • 工作单格式
  • 卡片格式
题名:
MRPⅡ/ERP实施与管理
    
 
作者: 程控 编著 ;革扬 审校
分册:  
出版信息: 北京   清华大学出版社  2003
页数: 403页
开本: 26cm
丛书名:
单 册:
中图分类: F270.7
科图分类:
主题词: 企业管理--计算机管理系统,ERP
电子资源:
ISBN: 7-302-07039-3
000 00683nam0 2200217 45
001 0405281707
005 20040528171753.7
010    @a7-302-07039-3@dCNY40.00
100    @a20040528d2003 km y0chiy0120 ea
101 0  @achi
105    @a z 000yy
200 1  @aMRPⅡ/ERP实施与管理@AMRPⅡ/ERP Shi Shi Yu Guan Li@f程控编著@FCheng Kong Bian Zhu@g革扬审校
210    @a北京@c清华大学出版社@d2003
215    @a403页@d26cm
300    @a附录A:Oliver Wight的ABCD考评表(计划与控制过程部分)
606 0  @a企业管理@x计算机管理系统,ERP
690    @aF270.7@v4
701  0 @a程控@4编著
702  0 @a革扬@AGe Yang@4审校
801    @aCN@bTSTCL@c20040528
905    @b334553-557@dF270.7@e155@f5
    
    MRPⅡ/ERP实施与管理/程控编著/革扬审校.-北京:清华大学出版社,2003
    403页;26cm
    附录A:Oliver Wight的ABCD考评表(计划与控制过程部分)
    
    ISBN 7-302-07039-3:CNY40.00
    
●
相关链接 在E读中查询图书 在五车中查询图书 在当当中查询图书 在豆瓣中查询图书


正题名:MRPⅡ/ERP实施与管理     索取号:F270.7/155         预约/预借

序号 登录号 条形码 馆藏地/架位号 状态 备注
1 0334553   203345530   第一借阅区/ [索取号:F270.7/155] 在馆    
2 0334554   203345549   第一借阅区/ [索取号:F270.7/155] 在馆    
3 0334555   203345558   第一借阅区/ [索取号:F270.7/155] 在馆    
4 0334556   203345567   第一借阅区/ [索取号:F270.7/155] 在馆    
5 0334557   203345576   第一样本阅览室/ [索取号:F270.7/155] 在馆    
唐山师范学院图书馆 欢迎您!
大连网信软件有限公司© 版权所有